000 02065nam0a2200409 4500
001 RU\NLR\bibl\856458
005 20260406072618.0
010 _a5-7107-9472-4
_932000
021 _aRU
_b2005-30907
_91547
035 _a(nilc)RSL-KNO-002605200
035 _a(NLR Aleph) 000845174
090 _a1445223
_c1445223
100 _a20050524d2005 |||y0rusy50 ca
101 0 _arus
102 _aRU
105 _aa |||||||||
106 _ar
200 1 _aОсновы безопасности жизнедеятельности
_e9 кл.
_eучебник для общеобразоват. учреждений
_f[С.Н. Вангородский, М.И. Кузнецов, В.Н. Латчук, В.В. Марков]
205 _a5-е изд., перераб.
210 _aМ.
_cДрофа
_d2005
_gГУП Смол. полигр. комб.
215 _a208 с.
_cил., цв. ил.
_d22
300 _aАвт. указаны на обл.
320 _aБиблиогр.: с. 205-206 (22 назв.) и в подстроч. прим.
606 0 _aБезопасность жизнедеятельности
_jУчебные издания для средней школы
_91373082
_3RU\NLR\auth\66261709
610 0 _aСоциология -- Общество и природа -- Учебник для высшей школы
686 _aС555.0я72-2
_2rubbk
686 _aЦ69,6(2Р)0я72-1
701 1 _aВангородский
_bС. Н.
_gСергей Николаевич
_4070
701 1 _4070
_8rus
_7ca
_aКузнецов
_bМ. И.
_cспециалист по ОБЖ
_gМихаил Иванович
_3RU\NLR\auth\7730273
_913298
701 1 _4070
_7ca
_8rus
_aЛатчук
_bВ. Н.
_gВладимир Николаевич
_3RU\NLR\auth\7723936
_96989
701 1 _4070
_8rus
_7ca
_aМарков
_bВ. В.
_cспециалист по ОБЖ
_gВалерий Васильевич
_3RU\NLR\auth\7723938
_96991
801 0 _aRU
_bRuMoRKP
_c20050524
_grcr
801 1 _aRU
_bRuMoRGB
_c20050524
801 2 _aRU
_bNLR
_c20051019
_grcr
942 _cBOOK
980 _aNB